Statistics for Grindcore Bands

Click here to take the quiz!

General Stats

  • This quiz has been taken 3 times
  • The average score is 4 of 25

Answer Stats

AlbumBand% Correct
From Enslavement to ObliterationNapalm Death
100%
TerrifyerPig Destroyer
67%
Extreme Conditions Demand Extreme ResponsesBrutal Truth
33%
The Inalienable DreamlessDiscordance Axis
33%
World ExterminationInsect Warfare
33%
DahmerMacabre
33%
Unsilent DeathNails
33%
HorrifiedRepulsion
33%
Altered States of AmericaAgoraphobic Nosebleed
0%
In the Constellation of the Black WidowAnaal Nathrakh
0%
Misery IndexAssück
0%
AnomaliesCephalic Carnage
0%
PollinatorCloud Rat
0%
The Blind HoleDead In the Dirt
0%
Harsh RealitiesDeath Toll 80k
0%
Trumpeting EcstasyFull of Hell
0%
LonghenaGridlink
0%
Grieving BirthInternal Rot
0%
As SpokenKnoll
0%
HelveteNasum
0%
Guts of a VirginPainKiller
0%
ExitRotten Sound
0%
Black TarScalp
0%
DeclineVermin Womb
0%
HissWormrot
0%

Score Distribution

Percentile by Number Answered

Percent of People with Each Score

Your Score History

You have not taken this quiz